Library Banner

Maghrabi jamooriyat ahle maghrib ki nazar mein(مغربی جمہوریت اہل مغرب کی نظر میں)/ (Record no. 103416)

MARC details
000 -LEADER
fixed length control field 00513nam a22001457a 4500
005 - DATE AND TIME OF LATEST TRANSACTION
control field 20180216112920.0
008 - FIXED-LENGTH DATA ELEMENTS--GENERAL INFORMATION
fixed length control field 180216b xxu||||| |||| 00| 0 eng d
040 ## - CATALOGING SOURCE
Transcribing agency PK-LaUMT
082 ## - DEWEY DECIMAL CLASSIFICATION NUMBER
Classification number PKAC 323.042094
Item number TEH-M
100 ## - MAIN ENTRY--PERSONAL NAME
Personal name Tehseen Faraqi
245 ## - TITLE STATEMENT
Title Maghrabi jamooriyat ahle maghrib ki nazar mein(مغربی جمہوریت اہل مغرب کی نظر میں)/
Statement of responsibility, etc Tehseen Faraqi
260 ## - PUBLICATION, DISTRIBUTION, ETC. (IMPRINT)
Place of publication, distribution, etc لاہور:
Name of publisher, distributor, etc مرکز تحقیق دیال سنگھ ٹرسٹ لایبریری
Date of publication, distribution, etc 1983
300 ## - PHYSICAL DESCRIPTION
Extent 79
942 ## - ADDED ENTRY ELEMENTS (KOHA)
Koha item type Books
Holdings
Withdrawn status Lost status Damaged status Home library Current library Date acquired Full call number Barcode Date last seen Price effective from Koha item type
      UMT Main Campus UMT Main Campus 2018-02-16 PKAC 323.042094 TEH-M 119558 2018-02-16 2018-02-16 Books